|
|
|
|
| LEADER |
00948cam a2200241 7i4500 |
| 001 |
0000077160 |
| 005 |
20230609090000.0 |
| 020 |
|
|
|a 9781003006244 (electronic book)
|
| 090 |
0 |
0 |
|a QA314
|b .A67 2022
|
| 245 |
0 |
0 |
|a Applications of fractional calculus to modeling in dynamics and chaos
|c edited by J.F. gomez-Aguilar and Abdon Atangana.
|
| 264 |
|
|
|a Boca Raton:
|b Chapman & Hall/CRC Press,
|c 2022.
|
| 300 |
|
|
|a 1 online resource (xi, 562 pages):
|b text file, PDF.
|
| 336 |
|
|
|a text
|2 rdacontent
|
| 337 |
|
|
|a computer
|2 rdamedia
|
| 338 |
|
|
|a online resource
|2 rdacarrier
|
| 650 |
|
0 |
|a Fractional calculus
|
| 655 |
|
0 |
|a Electronic books
|
| 700 |
1 |
|
|a Atangana, Abdon
|
| 700 |
1 |
|
|a Gomez-Agular, J.F
|
| 856 |
4 |
2 |
|u http://library.unisel.edu.my/web/guest/mylibrary
|
| 997 |
|
|
|a Communication, Visual Art & Computing, Faculty
|b Computing, Department
|
| 998 |
|
|
|a Mathematics with Statistics, Degree
|
| 999 |
|
|
|a EBO0019870
|b EBOOK
|c EBOOK
|e Electronic resources
|